000 00767nam a2200241Ia 4500
001 dia_3963
003 CHAP
005 20221002192823.0
008 220117s1995 xx 000 0 und d
010 _a174573
040 _cCHAP
090 _aFOLLETO 2692
100 _aMoreno Ramos, Oscar Humberto
_978687
245 _aLos sistemas de cultivo en relevo, su uso en la agricultura empresarial del noroeste de México /
_c Oscar Humberto Moreno Ramos y otros.
260 _aSonora, México :
_b INIFAP,
_c1995
300 _a44 p.
500 _aS/c (Folleto técnico, 25)
650 _aSistemas de cultivo
_9106746
901 _aFOLLETO 2692
902 _aM
905 _a0000001995 mx A 0000000000spa00
942 _cFOLL
_2local
999 _c174573
_d174573